三つの何か - Statistics

General Stats
  • This quiz has been taken 43 times
  • The average score is 8 of 12
Answer Stats
Hint Answer % Correct
密閉、密集、密接 三密
97%
八咫鏡、草薙剣、八尺瓊勾玉 三種の神器
94%
司法、行政、立派(の分立) 三権分立
94%
持たず、作らず、持ち込ませず 非核三原則
94%
尾張、紀伊、水戸 徳川{御三家}
91%
魏、呉、蜀 三国鼎立(三国志)
91%
見ざる、聞かざる、言わざる 三猿
85%
ベルリン、ビザンチウム、バグダッド(を結ぶ植民地政策) 3B政策
39%
カイロ、ケープタウン、カルカッタ(現・コルカタ)(を結ぶ植民地政策) 3C政策
39%
下山事件、三鷹事件、松川事件 国鉄三大ミステリー事件
33%
田安、一橋、清水 御三卿
12%
焼き尽くす、殺し尽くす、奪い尽くす 三光作戦
12%
No matching quizzes found
Score Distribution
Percent of People with Each Score
Percentile by Number Answered
Your Score History
You have not taken this quiz